| 000 | 01100nam1a22002411i 4500 | ||
|---|---|---|---|
| 001 | v19\rc\1977358 | ||
| 005 | 20260406124923.0 | ||
| 035 | _a(NLR Aleph) 005069702 | ||
| 090 |
_a7082414 _c7082414 |
||
| 100 | _a20080623d1914 |||y0rusy50 ca | ||
| 101 | 0 | _arus | |
| 102 | _aRU | ||
| 105 | _a z |||ab | ||
| 200 | 1 |
_aПолное собрание исторических романов, повестей и рассказов Даниила Лукича Мордовцева _eС портр. авт. и критико-биогр. очерком, сост. П.В. Быковым. [Кн. 1]- |
|
| 210 |
_aСанкт-Петербург _cП.П. Сойкин _d1914 |
||
| 215 | _d20 | ||
| 300 | _aОписано по т. 1. Последующие тома не имеют общ. тит. л. Каждое произведение имеет отд. тит. л. | ||
| 700 | 1 |
_7ca _8rus _aМордовцев _bД. Л. _f1830-1905 _gДаниил Лукич _9111337 _3RU\NLR\AUTH\771310 |
|
| 801 | 0 |
_aRU _bNLR _gpsbo |
|
| 801 | 1 |
_aRU _bProSoft-M _2rusmarc |
|
| 852 |
_aNLR _j66-3/1884 |
||
| 942 | _cBOOK | ||